Arrondissements d'Île-de-France par population - Statistiques

Statistiques générales
  • Ce quiz a été pris 108 fois
  • Le résultat moyen est 8 sur 25
Statistiques - réponses
Population Arrondissement % Correct
75 2 133 111 Paris
100%
92 911 155 Nanterre
68%
91 542 688 Évry-Courcouronnes
37%
78 527 408 Saint-Germain-en-Laye
34%
91 637 912 Palaiseau
33%
93 777 460 Le Raincy
32%
94 578 438 L'Haÿ-les-Roses
32%
77 342 766 Meaux
32%
93 451 934 Saint-Denis
32%
93 439 276 Bobigny
30%
78 417 771 Versailles
30%
95 425 515 Argenteuil
29%
94 323 676 Créteil
29%
77 289 693 Melun
29%
95 349 407 Pontoise
29%
77 462 852 Torcy
29%
92 406 344 Antony
27%
92 317 792 Boulogne-Billancourt
27%
91 133 168 Étampes
27%
95 481 685 Sarcelles
27%
78 280 641 Mantes-la-Jolie
25%
94 513 253 Nogent-sur-Marne
25%
78 230 545 Rambouillet
25%
77 156 450 Fontainebleau
22%
77 186 339 Provins
22%
Aucun quiz correspondant
Distribution des résultats
% des personnes avec chaque résultat
Percentile par nombre de réponses
Votre historique - résultats
Vous n’avez pas pris ce quiz